00826nam a22002417a 450000500170000001000130001702000260003003500130005603700160006904000120008508200130009710000250011024500670013526000450020227000600024730000250030750000190033265000320035165000210038394200220040499900190042695201390044520170124110111.0 aB-011694 c250.00a9780195648263 aB-011694 bCen Lib/Ret aDPLbEN a921bRUD a Rudra, Ashok929196 aPrasanta chandra mahalanobis :cby Ashok Rudraba biography / aNew DelhibOzford University Pressc1999 aYMCA Library Building Jai Singh RoadbNew Delhie110001 axx,471p. c20cm(pbk) aIncludes index aStatisticianszIndia929197 aStatistics97952 2ddccENh921mRUD c130434d130434 00104070aLbLd2015-07-09eCen Lib/Retg250.00l1m2o921 RUDpB-011694r2021-06-21 00:00:00s2021-03-31t1v250.00w2016-09-15yEN